| 000 | 00707nam a2200241 i 4500 | ||
|---|---|---|---|
| 003 | DO-SdBNP | ||
| 005 | 20230824115235.0 | ||
| 006 | a||||gr|||| 00| 0 | ||
| 007 | ta | ||
| 008 | 230809e1983 dr ||||| |||| 00| 0 spa d | ||
| 040 |
_aDO-SdBNP _bspa _cBNPHU _erda |
||
| 082 | 4 |
_222 _bU588e |
|
| 110 | 2 |
_aUniversidad APEC _930673 _eautor |
|
| 245 | 1 | 0 |
_aEstatutos generales : _bacción pro-educación y cultura. Inc., fundación APEC |
| 264 |
_aSanto Domingo : _bCENAPEC, _c1983 |
||
| 300 |
_a140 páginas ; _c22 cm. |
||
| 336 |
_2rdacontent _atexto _bn |
||
| 337 |
_2rdamedia _asin mediación _bn |
||
| 338 |
_2rdacarrier _avolumen _bnc |
||
| 590 | _aInventariado 2023 / DG | ||
| 910 | _aDG | ||
| 942 |
_2ddc _cLBS1 |
||
| 999 |
_c54514 _d54514 |
||